[Event "EU-ch Amateur Online Final 1700/2000"]
[Site "Tornelo INT"]
[Date "2021.04.25"]
[Round "1"]
[White "Raki, Jyrki"]
[Black "Tagkaloglou, Savvas Stefanos"]
[Result "1/2-1/2"]
[WhiteElo "1892"]
[BlackElo "1487"]
[PlyCount "114"]
[EventDate "2021.04.25"]
[EventType "swiss (rapid)"]
[EventRounds "9"]
[EventCountry "NET"]
[SourceTitle "EXT 2023"]
[Source "ChessBase"]
[SourceDate "2022.10.05"]
[SourceVersion "1"]
[SourceVersionDate "2022.10.05"]
[SourceQuality "1"]

1. d4 Nf6 2. c4 g6 3. Nc3 d5 4. Nf3 Bg7 5. Bf4 c5 6. e3 0-0 7. Be2 cxd4 8. Nxd4 Nc6 9. Nxc6 bxc6 10. 0-0 Re8 11. Qc2 e5 12. Bg3 Bf5 13. Bd3 e4 14. Be2 Be6 15. Rad1 Qb6 16. b3 Rad8 17. Na4 Qb4 18. Bc7 Rd7 19. Be5 Nh5 20. Bxg7 Nxg7 21. cxd5 cxd5 22. Rd4 Qb8 23. Qd2 Rc8 24. Qa5 Rc2 25. Rd2 Rxd2 26. Qxd2 Rc7 27. Rc1 Qc8 28. Rxc7 Qxc7 29. Qc3 Qxc3 30. Nxc3 Nf5 31. Nb5 a6 32. Nc7 a5 33. Nb5 Bd7 34. Nc3 d4 35. exd4 Nxd4 36. Bc4 Bc6 37. Kf1 Kg7 38. a3 f5 39. b4 axb4 40. axb4 Kf6 41. b5 Bb7 42. Ke1 Ke5 43. g3 Nf3+ 44. Ke2 Kd4 45. Bg8 Kxc3 46. Bxh7 Ne5 47. h4 Bc8 48. b6 Kb4 49. b7 Bxb7 50. h5 gxh5 51. Bxf5 Kc4 52. Ke3 Bd5 53. Bxe4 Ng4+ 54. Kf4 Nxf2 55. Bxd5+ Kxd5 56. Kg5 Ne4+ 57. Kxh5 Nxg3+ 1/2-1/2

[Event "EU-ch Amateur Online Final 1700/2000"]
[Site "Tornelo INT"]
[Date "2021.04.25"]
[Round "4"]
[White "Ziomas, Konstantinos Dimitr"]
[Black "Raki, Jyrki"]
[Result "1-0"]
[WhiteElo "1518"]
[BlackElo "1892"]
[PlyCount "123"]
[EventDate "2021.04.25"]
[EventType "swiss (rapid)"]
[EventRounds "9"]
[EventCountry "NET"]
[SourceTitle "EXT 2023"]
[Source "ChessBase"]
[SourceDate "2022.10.05"]
[SourceVersion "1"]
[SourceVersionDate "2022.10.05"]
[SourceQuality "1"]

1. e4 c6 2. d4 d5 3. Nc3 dxe4 4. Nxe4 Bf5 5. Ng3 Bg6 6. Nf3 Nd7 7. h4 h6 8. h5 Bh7 9. Bd3 Bxd3 10. Qxd3 e6 11. Bd2 Ngf6 12. 0-0-0 Be7 13. Ne4 Nxe4 14. Qxe4 Nf6 15. Qe2 Qd5 16. Kb1 Qe4 17. Qxe4 Nxe4 18. Be3 0-0-0 19. Nd2 Nxd2+ 20. Rxd2 Bf6 21. Rhd1 Rd5 22. g4 b5 23. f3 Rhd8 24. b3 b4 25. Rd3 a5 26. a4 Kb7 27. Kc1 Be7 28. R1d2 Bd6 29. Kd1 Bg3 30. Ke2 f6 31. Rd1 Bh4 32. Rh1 Bg3 33. Rhd1 e5 34. dxe5 fxe5 35. Bg1 Bf4 36. Bf2 R8d7 37. Be1 Rxd3 38. Rxd3 Re7 39. Bf2 Bg5 40. Be3 e4 41. fxe4 Rxe4 42. Kf3 Re7 43. Bxg5 hxg5 44. Rd6 Kb6 45. Rg6 Kc5 46. Rxg5+ Kd4 47. Rxa5 c5 48. Rb5 Rc7 49. Ke2 Kc3 50. Kd1 c4 51. bxc4 Rxc4 52. a5 Rxg4 53. Rc5+ Kb2 54. Rb5 Rg1+ 55. Kd2 Rg2+ 56. Kd3 Rg3+ 57. Kc4 Rc3+ 58. Kxb4 Ra3 59. Kc5+ Kc3 60. Rb3+ Rxb3 61. cxb3 Kxb3 62. a6 1-0

[Event "EU-ch Amateur Online 1700/2000"]
[Site "Tornelo INT"]
[Date "2021.04.24"]
[Round "1"]
[White "Raki, Jyrki"]
[Black "Oikonomopoulos, Filippos"]
[Result "1-0"]
[WhiteElo "1892"]
[BlackElo "1574"]
[PlyCount "65"]
[EventDate "2021.04.24"]
[EventType "swiss (rapid)"]
[EventRounds "8"]
[EventCountry "NET"]
[SourceTitle "EXT 2023"]
[Source "ChessBase"]
[SourceDate "2022.10.05"]
[SourceVersion "1"]
[SourceVersionDate "2022.10.05"]
[SourceQuality "1"]

1. d4 d5 2. c4 e6 3. Nf3 c5 4. g3 Nc6 5. e3 Nf6 6. Bg2 Be7 7. 0-0 0-0 8. cxd5 exd5 9. Nc3 Bg4 10. dxc5 Bxc5 11. Qc2 Rc8 12. a3 Bxf3 13. Bxf3 d4 14. Na4 Bb6 15. Nxb6 Qxb6 16. Qf5 Rfd8 17. Bxc6 Rxc6 18. exd4 Qxd4 19. Be3 Qxb2 20. Bxa7 Rd5 21. Qf3 Qc3 22. Qxc3 Rxc3 23. Rfb1 Rd7 24. Ra2 Ne4 25. Kg2 Kf8 26. Be3 Ke7 27. a4 Kd6 28. Rb4 f5 29. a5 Kc7 30. Bf4+ Kc8 31. a6 bxa6 32. Rxa6 Nc5 33. Ra8# 1-0

[Event "EU-ch Amateur Online 1700/2000"]
[Site "Tornelo INT"]
[Date "2021.04.24"]
[Round "8"]
[White "Sitsanis, Nikolaos1111"]
[Black "Raki, Jyrki"]
[Result "1-0"]
[WhiteElo "1660"]
[BlackElo "1892"]
[PlyCount "117"]
[EventDate "2021.04.24"]
[EventType "swiss (rapid)"]
[EventRounds "8"]
[EventCountry "NET"]
[SourceTitle "EXT 2023"]
[Source "ChessBase"]
[SourceDate "2022.10.05"]
[SourceVersion "1"]
[SourceVersionDate "2022.10.05"]
[SourceQuality "1"]

1. d4 Nf6 2. Nf3 g6 3. g3 Bg7 4. Bg2 0-0 5. 0-0 d5 6. Nbd2 c6 7. c4 Bf5 8. b3 Nbd7 9. Bb2 a5 10. Nh4 Be6 11. e3 a4 12. a3 axb3 13. c5 b6 14. Nxb3 bxc5 15. Nxc5 Nxc5 16. dxc5 Qa5 17. Bd4 Rfb8 18. Qc2 Rb5 19. Rfb1 Rab8 20. Rxb5 Rxb5 21. Rb1 Rxb1+ 22. Qxb1 Qxa3 23. Qb8+ Bf8 24. h3 Qc1+ 25. Kh2 Qe1 26. Qb2 Qa5 27. f4 Qc7 28. Be5 Qc8 29. g4 Bg7 30. Bf3 Bd7 31. Qc2 Ne8 32. Bd4 Bxd4 33. exd4 Qc7 34. Qd2 g5 35. Ng2 h6 36. Kg1 f6 37. h4 gxf4 38. Nxf4 Ng7 39. Kg2 Be8 40. Nh3 h5 41. Qh6 hxg4 42. Bxg4 Qa5 43. Qe3 Qa2+ 44. Nf2 f5 45. Bxf5 Nxf5 46. Qe6+ Bf7 47. Qxf5 Qd2 48. Qg5+ Qxg5+ 49. hxg5 Kg7 50. Kg3 Kg6 51. Kf4 Be6 52. Nd3 Kf7 53. Ne5+ Ke8 54. Nxc6 Bg8 55. Ne5 e6 56. g6 Ke7 57. Kg5 Kf8 58. Kf6 Ke8 59. Kg7 1-0

[Event "FIN-chT 1920"]
[Site "Finland"]
[Date "2019.10.19"]
[Round "3.6"]
[White "Kekki, Petri"]
[Black "Raki, Jyrki"]
[Result "1-0"]
[WhiteElo "2295"]
[BlackElo "1898"]
[PlyCount "63"]
[EventDate "2019.09.14"]
[EventType "team-tourn"]
[EventRounds "11"]
[EventCountry "FIN"]
[SourceTitle "CBM 192 Extra"]
[Source "Chessbase"]
[SourceDate "2019.11.06"]
[SourceVersion "1"]
[SourceVersionDate "2019.11.06"]
[SourceQuality "1"]
[WhiteTeam "Espoo MatSK"]
[BlackTeam "Kotka KymS"]
[WhiteTeamCountry "FIN"]
[BlackTeamCountry "FIN"]

1. d4 Nf6 2. g3 g6 3. Bg2 Bg7 4. e4 d6 5. Nc3 0-0 6. Nge2 c6 7. h3 Nbd7 8. Be3 Qc7 9. 0-0 a5 10. a4 e5 11. Qd2 Nb6 12. b3 Be6 13. Rad1 Nc8 14. g4 b6 15. f4 exf4 16. Bxf4 Ra7 17. d5 Bd7 18. dxc6 Bxc6 19. Nd4 Rb7 20. Ncb5 Bxb5 21. Nxb5 Qc5+ 22. Be3 Qe5 23. Bd4 Qe6 24. Bxf6 Bxf6 25. e5 Qxe5 26. Bxb7 Bg5 27. Qg2 Ne7 28. Nxd6 h5 29. gxh5 Be3+ 30. Kh1 Qxh5 31. Rde1 Bc5 32. Rxe7 1-0

[Event "FIN-chT 1920"]
[Site "Finland"]
[Date "2019.09.14"]
[Round "1.7"]
[White "Prieur, Eetu"]
[Black "Raki, Jyrki"]
[Result "1-0"]
[WhiteElo "2181"]
[BlackElo "1898"]
[PlyCount "123"]
[EventDate "2019.09.14"]
[EventType "team-tourn"]
[EventRounds "11"]
[EventCountry "FIN"]
[SourceTitle "EXT 2020"]
[Source "ChessBase"]
[SourceDate "2019.10.17"]
[SourceVersion "1"]
[SourceVersionDate "2019.10.17"]
[SourceQuality "1"]
[WhiteTeam "Helsinki Aatos"]
[BlackTeam "Kotka KymS"]
[WhiteTeamCountry "FIN"]
[BlackTeamCountry "FIN"]

1. e4 c6 2. d4 d5 3. e5 c5 4. c3 cxd4 5. cxd4 Nc6 6. Nc3 e6 7. Nf3 Nge7 8. Bg5 Qb6 9. Na4 Qc7 10. Rc1 Ng6 11. Bd3 Bb4+ 12. Nc3 0-0 13. 0-0 a6 14. h4 f6 15. h5 Ngxe5 16. dxe5 fxg5 17. Nxg5 Qxe5 18. Nxh7 Bd6 19. g3 Rf5 20. Re1 Qd4 21. Bxf5 exf5 22. Qxd4 Nxd4 23. Ng5 Bd7 24. Nxd5 Rd8 25. Ne7+ Bxe7 26. Rxe7 Bc6 27. Kf1 Kf8 28. Rf7+ Kg8 29. Re7 Kf8 30. Re3 Kg8 31. Ne6 Nxe6 32. Rxe6 Rd2 33. Rcxc6 bxc6 34. Rxc6 Rxb2 35. Rxa6 Kh7 36. Kg2 Rc2 37. Kf3 Rb2 38. Kg2 Rc2 39. Kf3 Rb2 40. Ke3 Rc2 41. a4 Ra2 42. f3 Rh2 43. g4 fxg4 44. fxg4 Rb2 45. Kf4 Rf2+ 46. Kg5 Rc2 47. a5 Rc5+ 48. Kh4 Rb5 49. Ra8 g5+ 50. hxg6+ Kxg6 51. Ra6+ Kg7 52. Ra7+ Kg6 53. Ra8 Kg7 54. a6 Ra5 55. Kg3 Ra4 56. Kf3 Kh7 57. Kg3 Kg7 58. Kh4 Kh7 59. Kg5 Kg7 60. Ra7+ Kg8 61. Kf5 Rb4 62. Rb7 1-0

[Event "Helsinki-chB"]
[Site "Helsinki"]
[Date "2018.12.30"]
[Round "2"]
[White "Raki, Jyrki"]
[Black "Patosalmi, Juha"]
[Result "0-1"]
[WhiteElo "1969"]
[BlackElo "1940"]
[PlyCount "128"]
[EventDate "2018.12.29"]
[EventType "tourn"]
[EventRounds "7"]
[EventCountry "FIN"]
[SourceTitle "EXT 2021"]
[Source "ChessBase"]
[SourceDate "2020.10.23"]
[SourceVersion "1"]
[SourceVersionDate "2020.10.23"]
[SourceQuality "1"]

1. e4 c5 2. Nf3 d6 3. d4 cxd4 4. Nxd4 Nf6 5. Nc3 g6 6. f3 Bg7 7. Be3 a6 8. Bc4 b5 9. Bb3 Bb7 10. Qd2 Nbd7 11. 0-0-0 h5 12. Kb1 Ne5 13. Rhe1 Nc4 14. Bxc4 bxc4 15. Bg5 Rb8 16. e5 dxe5 17. Rxe5 Nd5 18. Ree1 Qb6 19. Nxd5 Bxd5 20. Rxe7+ Kf8 21. c3 Bxd4 22. cxd4 f6 23. Rd7 Be6 24. Bxf6 Bf5+ 25. Ka1 Qxf6 26. Rc7 Qd6 27. Rxc4 Kg7 28. d5 Rhd8 29. Qc3+ Kh7 30. g4 Bd7 31. gxh5 gxh5 32. Rh4 Qg6 33. Re4 Re8 34. Qc7 Qg7 35. Qc1 Rxe4 36. fxe4 Qe5 37. Re1 a5 38. Qc3 Qxc3 39. bxc3 Rb5 40. c4 Rc5 41. Rc1 Bb5 42. d6 Bc6 43. Kb2 Rg5 44. Re1 Rg2+ 45. Kc3 Rxh2 46. e5 Kg7 47. Kd4 Kf7 48. e6+ Kf6 49. Kc5 Ba4 50. Kb6 h4 51. Kxa5 Rxa2 52. Kb6 h3 53. e7 h2 54. Kc7 Re2 55. Rf1+ Ke6 56. c5 Rc2 57. Re1+ Kf7 58. d7 Rxc5+ 59. Kd6 Bxd7 60. Kxd7 Rd5+ 61. Kc7 Ke8 62. Kc6 Rd2 63. Kc5 Re2 64. Rf1 Kxe7 0-1

[Event "FIN-chT2 Gp1 1718"]
[Site "Finland"]
[Date "2018.01.13"]
[Round "5.3"]
[White "Koskinen, Veikko"]
[Black "Raki, Jyrki"]
[Result "1-0"]
[WhiteElo "1957"]
[BlackElo "1982"]
[PlyCount "103"]
[EventDate "2017.09.16"]
[EventType "team-tourn"]
[EventRounds "7"]
[EventCountry "FIN"]
[SourceTitle "EXT 2020"]
[Source "ChessBase"]
[SourceDate "2019.10.17"]
[SourceVersion "1"]
[SourceVersionDate "2019.10.17"]
[SourceQuality "1"]
[WhiteTeam "Helsinki KS 58 II"]
[BlackTeam "Kotka KymS II"]
[WhiteTeamCountry "FIN"]
[BlackTeamCountry "FIN"]

1. e4 c6 2. d4 d5 3. f3 e6 4. Nc3 Bb4 5. a3 Bxc3+ 6. bxc3 dxe4 7. Qe2 exf3 8. Nxf3 Nd7 9. c4 Ne7 10. Bd2 0-0 11. Bc3 Qc7 12. Rd1 b5 13. Qd2 Ba6 14. Bb4 Rae8 15. cxb5 Bxb5 16. c4 Ba4 17. Rc1 c5 18. dxc5 Nxc5 19. Qg5 Nf5 20. Be2 f6 21. Qg4 a5 22. Bd2 Nb3 23. Rc3 Qc5 24. Bf4 Rf7 25. Nd2 Qd4 26. Rd3 Qa1+ 27. Bd1 Nxd2 28. Bxd2 Qb1 29. Rc3 Rd7 30. Rc1 Qd3 31. Qe2 Qxa3 32. 0-0 Nd4 33. Qh5 g6 34. Qxa5 Ne2+ 35. Bxe2 Qa2 36. Bf3 Rxd2 37. Ra1 Qb2 38. Qxa4 Red8 39. Rad1 e5 40. Rxd2 Rxd2 41. Qe8+ Kg7 42. Bd5 Qd4+ 43. Kh1 Rd1 44. Qf7+ Kh6 45. Qf8+ Kg5 46. Qxf6+ Kh6 47. h3 Qa1 48. Rxd1 Qxd1+ 49. Kh2 Qd4 50. h4 Qc3 51. Bf3 Qxc4 52. Qf8# 1-0

[Event "FIN-chT 1718"]
[Site "Finland"]
[Date "2017.10.22"]
[Round "4.8"]
[White "Von Wright, Aarne"]
[Black "Raki, Jyrki"]
[Result "1-0"]
[WhiteElo "2138"]
[BlackElo "1982"]
[PlyCount "67"]
[EventDate "2017.09.16"]
[EventType "team-tourn"]
[EventRounds "11"]
[EventCountry "FIN"]
[SourceTitle "EXT 2019"]
[Source "ChessBase"]
[SourceDate "2018.10.10"]
[SourceVersion "1"]
[SourceVersionDate "2018.10.10"]
[SourceQuality "1"]
[WhiteTeam "Jyvaskyla JyS"]
[BlackTeam "Kotka KymS"]
[WhiteTeamCountry "FIN"]
[BlackTeamCountry "FIN"]

1. d4 Nf6 2. Nf3 g6 3. e3 Bg7 4. Bd3 c5 5. 0-0 cxd4 6. exd4 0-0 7. Nbd2 b6 8. Re1 Bb7 9. Nf1 d5 10. Ng3 Nc6 11. c3 Qc7 12. Bg5 Rfe8 13. Qd2 a6 14. Bh6 Bh8 15. Bf4 Qd7 16. Re2 b5 17. a3 Rad8 18. Rae1 Bg7 19. Bh6 Bh8 20. h3 Ba8 21. Qg5 Bg7 22. Bxg7 Kxg7 23. Nf5+ Kg8 24. Nxe7+ Rxe7 25. Rxe7 Nxe7 26. Qxf6 Nc6 27. Ne5 Nxe5 28. Qxe5 Rf8 29. Qe7 Qc6 30. Re5 Kg7 31. g4 Qb6 32. h4 Qa5 33. h5 Qa4 34. h6+ 1-0

[Event "FIN-chT2 Gp1 1718"]
[Site "Finland"]
[Date "2017.09.16"]
[Round "1.1"]
[White "Wilen, Eero"]
[Black "Raki, Jyrki"]
[Result "1-0"]
[WhiteElo "2060"]
[BlackElo "1982"]
[PlyCount "79"]
[EventDate "2017.09.16"]
[EventType "team-tourn"]
[EventRounds "7"]
[EventCountry "FIN"]
[SourceTitle "EXT 2020"]
[Source "ChessBase"]
[SourceDate "2019.10.17"]
[SourceVersion "1"]
[SourceVersionDate "2019.10.17"]
[SourceQuality "1"]
[WhiteTeam "Helsinki HSK"]
[BlackTeam "Kotka KymS II"]
[WhiteTeamCountry "FIN"]
[BlackTeamCountry "FIN"]

1. c4 Nf6 2. Nc3 g6 3. e4 d6 4. d4 Bg7 5. Nf3 0-0 6. Be2 e5 7. 0-0 exd4 8. Nxd4 Re8 9. f3 Nc6 10. Be3 Nh5 11. Qd2 Nf4 12. Nxc6 Nxe2+ 13. Nxe2 bxc6 14. Nd4 Bd7 15. Rfe1 a5 16. Kh1 Qb8 17. Rab1 c5 18. Ne2 f5 19. Nc3 fxe4 20. fxe4 Be6 21. b3 Qb7 22. Bg5 Bf7 23. Nd5 Re6 24. Qf4 Rae8 25. h3 c6 26. Nf6+ Bxf6 27. Bxf6 d5 28. e5 Rf8 29. Rf1 Be8 30. Rf3 d4 31. Rbf1 Rf7 32. Rg3 Qd7 33. Qh6 Rfxf6 34. exf6 Qf7 35. Rgf3 Re5 36. Qf4 Re6 37. Qg5 Re2 38. Qxc5 Rxa2 39. Re1 Qf8 40. Rxe8 1-0

[Event "Helsinki We HSK kevat A"]
[Site "Helsinki"]
[Date "2017.05.27"]
[Round "3"]
[White "Pasanen, Tuomo Tapio"]
[Black "Raki, Jyrki"]
[Result "0-1"]
[WhiteElo "2022"]
[BlackElo "1982"]
[PlyCount "114"]
[EventDate "2017.05.26"]
[EventType "swiss"]
[EventRounds "4"]
[EventCountry "FIN"]
[SourceTitle "EXT 2022"]
[Source "ChessBase"]
[SourceDate "2021.10.06"]
[SourceVersion "1"]
[SourceVersionDate "2021.10.06"]
[SourceQuality "1"]

1. d4 Nf6 2. c4 c5 3. d5 b5 4. cxb5 a6 5. Nc3 d6 6. e4 g6 7. Bg5 Bg7 8. Nf3 0-0 9. Bd3 Nbd7 10. a4 Ng4 11. 0-0 Nge5 12. Be2 h6 13. Nxe5 hxg5 14. Nc6 Qe8 15. bxa6 Ne5 16. Bb5 Bd7 17. Nxe5 Bxe5 18. Qb3 Kg7 19. h3 Rh8 20. Bxd7 Qxd7 21. Qb7 Qxb7 22. axb7 Ra7 23. a5 Rxb7 24. a6 Rxb2 25. a7 Ra8 26. Ra3 Bxc3 27. Rxc3 Rxa7 28. Rg3 Re2 29. Rg4 Rc7 30. Rc1 f6 31. Rc4 Rb7 32. f4 gxf4 33. Rxf4 Rb5 34. Kf1 Rbb2 35. Rg4 Rec2 36. Rxc2 Rxc2 37. Rg3 Rc4 38. Re3 Kf7 39. Kf2 e6 40. Ra3 Rxe4 41. Ra7+ Kg8 42. Rd7 exd5 43. Rxd6 Re5 44. g4 Kf7 45. Kf3 d4 46. h4 Re3+ 47. Kf4 Rd3 48. Rc6 Rc3 49. h5 gxh5 50. gxh5 c4 51. Kf5 Kg7 52. Rc7+ Kh6 53. Kg4 Rc1 54. Rc6 d3 55. Rxf6+ Kg7 56. Rd6 Rg1+ 57. Kf3 c3 0-1

[Event "Helsinki We HSK 130v A"]
[Site "Helsinki"]
[Date "2016.05.14"]
[Round "2"]
[White "Raki, Jyrki"]
[Black "Kiviaho, Allan"]
[Result "1/2-1/2"]
[WhiteElo "1982"]
[BlackElo "2124"]
[PlyCount "111"]
[EventDate "2016.05.13"]
[EventType "swiss"]
[EventRounds "5"]
[EventCountry "FIN"]
[SourceTitle "EXT 2022"]
[Source "ChessBase"]
[SourceDate "2021.10.06"]
[SourceVersion "1"]
[SourceVersionDate "2021.10.06"]
[SourceQuality "1"]

1. d4 Nf6 2. c4 e6 3. Nf3 b6 4. g3 Ba6 5. Qc2 Bb7 6. Bg2 Be7 7. 0-0 0-0 8. Nc3 d5 9. Ne5 c5 10. cxd5 cxd4 11. Ne4 Nxe4 12. Bxe4 f5 13. Bg2 Bxd5 14. Rd1 Bxg2 15. Kxg2 Qd5+ 16. Nf3 e5 17. e3 Nc6 18. b3 Rac8 19. Qc4 Qxc4 20. bxc4 dxe3 21. Bxe3 e4 22. Nd2 Na5 23. Rdc1 Rc6 24. Rab1 Rfc8 25. Rb5 Bc5 26. Bf4 a6 27. Rbb1 Bd4 28. Nb3 Nxb3 29. axb3 a5 30. Rd1 Bf6 31. Rd7 Ra8 32. Be3 a4 33. bxa4 Rxa4 34. Bxb6 Raxc4 35. Be3 h6 36. Rb5 g6 37. Bxh6 Rc7 38. Rb8+ Rc8 39. Rbb7 R4c6 40. h4 Be5 41. Bg7 Bxg7 42. Rxg7+ Kh8 43. h5 gxh5 44. Rh7+ Kg8 45. Rxh5 Rf6 46. Rg5+ Kf8 47. Rh5 Kg8 48. Rb5 Rcf8 49. Re5 Kg7 50. f3 Kg6 51. Rh4 exf3+ 52. Kxf3 Kg5 53. Re3 R8f7 54. Rf4 Rf8 55. Re7 Ra6 56. Re3 1/2-1/2

[Event "FIN-chT 1516"]
[Site "Finland"]
[Date "2016.03.13"]
[Round "11.8"]
[White "Raki, Jyrki"]
[Black "Pihlajasalo, Hannu"]
[Result "0-1"]
[WhiteElo "1986"]
[BlackElo "2212"]
[PlyCount "152"]
[EventDate "2015.09.12"]
[EventType "team-tourn"]
[EventRounds "11"]
[EventCountry "FIN"]
[SourceTitle "EXT 2017"]
[Source "ChessBase"]
[SourceDate "2016.10.25"]
[SourceVersion "1"]
[SourceVersionDate "2016.10.25"]
[SourceQuality "1"]
[WhiteTeam "Kotka KymS"]
[BlackTeam "Salo SalSK"]
[WhiteTeamCountry "FIN"]
[BlackTeamCountry "FIN"]

1. d4 Nf6 2. Nf3 g6 3. g3 Bg7 4. Bg2 0-0 5. 0-0 d6 6. c3 c5 7. Be3 cxd4 8. Nxd4 d5 9. Qd2 Ng4 10. Na3 Nxe3 11. Qxe3 Nc6 12. Nb3 e6 13. Rfd1 Qe7 14. Qc5 Qxc5 15. Nxc5 b6 16. Nd3 Bb7 17. Rac1 Ne5 18. Nxe5 Bxe5 19. f4 Bf6 20. Rd2 Rac8 21. e3 Ba6 22. Bf1 Bxf1 23. Kxf1 Rc5 24. Rcd1 Ra5 25. Nc2 Rxa2 26. Nb4 Ra4 27. g4 a5 28. Nd3 h6 29. h3 Rc4 30. Kg2 Ra8 31. f5 gxf5 32. gxf5 Bg5 33. fxe6 fxe6 34. Re2 Re4 35. Rde1 Rf8 36. Nf2 Rxf2+ 37. Rxf2 Bh4 38. Rg1 Bxf2 39. Kxf2+ Kf7 40. Ra1 Ke7 41. Kf3 a4 42. Rg1 Kf7 43. Rg2 b5 44. Rg1 Rh4 45. Kg3 Rc4 46. Kf3 a3 47. bxa3 Rxc3 48. Rb1 d4 49. Ke4 Rxe3+ 50. Kxd4 Rxa3 51. Rxb5 Rxh3 52. Ke4 Kf6 53. Rb8 Rh4+ 54. Ke3 Kf5 55. Rf8+ Ke5 56. Kf3 Rh3+ 57. Kg4 Rh1 58. Rd8 Rf1 59. Rd7 Ke4 60. Rd6 Rg1+ 61. Kh3 e5 62. Kh2 Rg8 63. Rxh6 Kd3 64. Rd6+ Ke3 65. Rd5 e4 66. Rd7 Kf2 67. Rf7+ Ke2 68. Rd7 e3 69. Rd6 Kf2 70. Rf6+ Ke1 71. Re6 e2 72. Re7 Rg5 73. Kh3 Kf2 74. Kh4 Rg1 75. Rf7+ Ke3 76. Re7+ Kd3 0-1

[Event "Helsinki We HSK:n XVII syys"]
[Site "Helsinki"]
[Date "2015.08.22"]
[Round "3"]
[White "Aberg, Tomi"]
[Black "Raki, Jyrki"]
[Result "1-0"]
[WhiteElo "2112"]
[BlackElo "1981"]
[PlyCount "105"]
[EventDate "2015.08.21"]
[EventType "swiss"]
[EventRounds "5"]
[EventCountry "FIN"]
[SourceTitle "EXT 2022"]
[Source "ChessBase"]
[SourceDate "2021.10.06"]
[SourceVersion "1"]
[SourceVersionDate "2021.10.06"]
[SourceQuality "1"]

1. e4 c6 2. d4 d5 3. Nc3 dxe4 4. Nxe4 Bf5 5. Ng3 Bg6 6. Nf3 Nd7 7. h4 h6 8. h5 Bh7 9. Bd3 Bxd3 10. Qxd3 Ngf6 11. Bd2 Qc7 12. 0-0-0 0-0-0 13. Ne4 Nxe4 14. Qxe4 Nf6 15. Qe2 e6 16. g3 Bd6 17. Rh4 Rhe8 18. Ne5 Ng8 19. Nc4 e5 20. Ba5 b6 21. dxe5 Be7 22. Rxd8+ Rxd8 23. Nd6+ Bxd6 24. exd6 Qxd6 25. Bc3 Nf6 26. Be5 Qe7 27. Qa6+ Qb7 28. Qxb7+ Kxb7 29. Rf4 Nxh5 30. Rxf7+ Ka6 31. g4 Rd5 32. Bc3 Nf6 33. Bxf6 gxf6 34. Rxf6 h5 35. c4 Rg5 36. gxh5 Rxh5 37. Kd2 c5 38. Rf7 Rh6 39. b3 Rg6 40. Re7 Rd6+ 41. Ke3 Rd1 42. Kf3 Ra1 43. Re2 Ka5 44. Ke4 Kb4 45. f4 Rf1 46. Ke5 Kc3 47. f5 Kd3 48. Rh2 a6 49. Rh3+ Kc2 50. f6 b5 51. Rh5 bxc4 52. bxc4 Kd3 53. Rf5 1-0

[Event "Helsinki We HSK:n XVII syys"]
[Site "Helsinki"]
[Date "2015.08.22"]
[Round "2"]
[White "Raki, Jyrki"]
[Black "Jarvenpaa, Jari"]
[Result "1-0"]
[WhiteElo "1981"]
[BlackElo "2247"]
[PlyCount "143"]
[EventDate "2015.08.21"]
[EventType "swiss"]
[EventRounds "5"]
[EventCountry "FIN"]
[SourceTitle "EXT 2022"]
[Source "ChessBase"]
[SourceDate "2021.10.06"]
[SourceVersion "1"]
[SourceVersionDate "2021.10.06"]
[SourceQuality "1"]

1. d4 Nf6 2. c4 e6 3. Nf3 d5 4. Nc3 Bb4 5. e3 c5 6. cxd5 exd5 7. Bb5+ Bd7 8. 0-0 Bxc3 9. Bxd7+ Nbxd7 10. bxc3 0-0 11. a4 Qc7 12. Ba3 Rfe8 13. dxc5 Nxc5 14. Bxc5 Qxc5 15. Qb3 Re7 16. Rfd1 Rc8 17. Rac1 Rec7 18. h3 Qc4 19. Qb2 Ne4 20. Rd4 Qc6 21. c4 Nf6 22. Qb3 h6 23. Nd2 Qa6 24. Qb4 Rc5 25. g3 R8c7 26. Kh2 Nd7 27. Rd1 Ne5 28. Qb1 g6 29. cxd5 Qe2 30. Kg2 Rd7 31. Re1 Qa6 32. e4 g5 33. Qb3 Qf6 34. Rb4 b6 35. Nf3 Nxf3 36. Qxf3 Qe5 37. Re3 Rd6 38. Qe2 Qa1 39. e5 Rd8 40. e6 Rc1 41. exf7+ Kxf7 42. Qh5+ Kg8 43. Qg6+ Qg7 44. Qxg7+ Kxg7 45. Re7+ Kg8 46. Rxa7 Rc2 47. Kf3 h5 48. Rxb6 Rf8+ 49. Ke3 Rcxf2 50. Rg6+ Kh8 51. Rxg5 Rf1 52. Rxh5+ Kg8 53. Rg5+ Kh8 54. h4 Re8+ 55. Kd4 Rd1+ 56. Kc5 Rd8 57. Ra6 Rc1+ 58. Kd4 Kh7 59. g4 Rd1+ 60. Kc3 Rh1 61. h5 Rc1+ 62. Kd2 Rdc8 63. Rc6 R8xc6 64. dxc6 Rxc6 65. Kd3 Rc1 66. a5 Ra1 67. Kc4 Rc1+ 68. Kb5 Kh6 69. Rg6+ Kh7 70. a6 Ra1 71. Kb6 Kh8 72. Kb7 1-0

[Event "FIN-chT1B 1415"]
[Site "Finland"]
[Date "2015.02.07"]
[Round "6.7"]
[White "Raki, Jyrki"]
[Black "Nordlund, Henri"]
[Result "1/2-1/2"]
[WhiteElo "1987"]
[BlackElo "1810"]
[PlyCount "40"]
[EventDate "2014.09.27"]
[EventType "team-tourn"]
[EventRounds "7"]
[EventCountry "FIN"]
[SourceTitle "EXT 2017"]
[Source "ChessBase"]
[SourceDate "2016.10.25"]
[SourceVersion "1"]
[SourceVersionDate "2016.10.25"]
[SourceQuality "1"]
[WhiteTeam "Kotka KymS"]
[BlackTeam "Vantaa EtVaS II"]
[WhiteTeamCountry "FIN"]
[BlackTeamCountry "FIN"]

1. d4 d5 2. c4 c6 3. Nc3 Nf6 4. Nf3 e6 5. Bg5 h6 6. Bh4 dxc4 7. a4 Bb4 8. Bxf6 Qxf6 9. Ne5 0-0 10. e3 c5 11. Bxc4 Nd7 12. Nxd7 Bxd7 13. 0-0 cxd4 14. exd4 Bc6 15. Qb3 a5 16. d5 exd5 17. Nxd5 Bxd5 18. Bxd5 Ra7 19. Rac1 Qe7 20. Qf3 b6 1/2-1/2

[Event "FIN Team Cup"]
[Site "Finland"]
[Date "2014.08.23"]
[Round "4.5"]
[White "Vihinen, Teemu"]
[Black "Raki, Jyrki"]
[Result "1-0"]
[WhiteElo "2126"]
[BlackElo "2028"]
[PlyCount "137"]
[EventDate "2014.03.29"]
[EventType "team-k.o."]
[EventRounds "6"]
[EventCountry "FIN"]
[SourceTitle "EXT 2022"]
[Source "ChessBase"]
[SourceDate "2021.10.06"]
[SourceVersion "1"]
[SourceVersionDate "2021.10.06"]
[SourceQuality "1"]
[WhiteTeam "Vantaa EtVaS"]
[BlackTeam "KymS"]
[WhiteTeamCountry "FIN"]
[BlackTeamCountry "FIN"]

1. e4 c6 2. d4 d5 3. e5 c5 4. dxc5 Nc6 5. Nf3 e6 6. a3 a5 7. Be3 Nge7 8. c3 Qc7 9. Bd4 Ng6 10. Bb5 Be7 11. 0-0 0-0 12. Re1 Nxd4 13. cxd4 f6 14. exf6 gxf6 15. Nc3 Kh8 16. Qd2 Rg8 17. Qe3 Nf4 18. g3 e5 19. Kh1 Bh3 20. Bf1 Bxf1 21. Rxf1 exd4 22. Nxd4 Ng6 23. b4 Qd7 24. Qe6 Rad8 25. Rad1 axb4 26. axb4 Ne5 27. Qxd7 Rxd7 28. Ne6 d4 29. Rxd4 Rxd4 30. Nxd4 Ra8 31. Nf5 Bf8 32. Nd5 Nd3 33. Nxf6 Nxb4 34. Ne4 Nd3 35. Nfd6 Ra7 36. Rb1 Nxc5 37. Nxc5 Bxd6 38. Nxb7 Be7 39. Rb5 Ra2 40. Kg2 Rc2 41. Rd5 Rc7 42. Nd6 Kg8 43. Ne4 Rc4 44. Re5 Kf8 45. h4 h6 46. Kf3 Kf7 47. Rb5 Ra4 48. Kf4 Ra6 49. Kf5 Rc6 50. f4 Ra6 51. Rd5 Rb6 52. Nf2 Rf6+ 53. Ke4 Re6+ 54. Kf3 Ra6 55. Nd3 Ra3 56. Ke4 Ra4+ 57. Kf5 Ra6 58. Ne5+ Kg7 59. h5 Bb4 60. Rd7+ Kg8 61. Ng4 Bc3 62. Ne5 Rb6 63. Rc7 Bb2 64. Rc6 Rb3 65. g4 Kg7 66. Rg6+ Kh7 67. Nd7 Rb5+ 68. Ke6 Bg7 69. Kf7 1-0